000 00312 a2200133 4500
000 nam a22 7a 4500
100 _aGangane, S D
110 _aGangane, S D
245 _aHuman Genetics
250 _a7th/Latest edition
260 _bElsevier India
_c2025
264 _bElsevier India
_c2025
942 _cBK
999 _c396781
_d396781